[Event "SC-2020-0-00394"]
[Site "LSS email"]
[Date "2020.09.02"]
[Round "?"]
[White "Banshchykau, Valery"]
[Black "Thomae, Eberhard"]
[Result "0-1"]
[WhiteElo "1702"]
[BlackElo "1674"]
[PlyCount "112"]
[EventDate "2020.06.04"]
[EventType "tourn (corr)"]
[EventRounds "6"]
[EventCountry "GER"]
[SourceTitle "Corr 2024"]
[Source "ChessBase"]
[SourceDate "2023.10.19"]
[SourceVersion "1"]
[SourceVersionDate "2023.10.19"]
[SourceQuality "1"]

1. b4 e5 2. a3 d5 3. e3 a5 4. Bb2 Nd7 5. b5 Ngf6 6. c4 Bd6 7. cxd5 Nxd5 8. d3 0-0 9. Nf3 Qe7 10. Be2 N7b6 11. 0-0 Bd7 12. d4 e4 13. Ne5 Be8 14. Qc2 f6 15. Nc4 Nxc4 16. Bxc4 Bf7 17. Nc3 Nxc3 18. Qxc3 a4 19. Rfc1 Qd7 20. Rab1 Rfe8 21. Rc2 Kf8 22. Bxf7 Qxf7 23. Qc4 Qxc4 24. Rxc4 Kf7 25. g3 Ke6 26. Kg2 Kd5 27. Rc3 g5 28. Ba1 f5 29. Bb2 h5 30. Bc1 h4 31. Bd2 Re7 32. Rbc1 Rh7 33. Rc5+ Bxc5 34. Rxc5+ Ke6 35. Re5+ Kf6 36. g4 fxg4 37. Rxe4 h3+ 38. Kf1 g3 39. fxg3 Rd8 40. Re5 Re7 41. Rc5 b6 42. Rc6+ Kf5 43. Rc4 Ke4 44. Ke2 Rd5 45. Rb4 Rf7 46. g4 Rh7 47. Be1 Rf7 48. Bd2 Rd6 49. Bc3 Re6 50. Rxa4 Kd5 51. Bd2 Re4 52. Kd3 Rf2 53. Ra8 Rxg4 54. e4+ Kd6 55. Bb4+ Kd7 56. e5 Rff4 0-1

[Event "SC-2020-0-00394"]
[Site "LSS email"]
[Date "2020.08.30"]
[Round "?"]
[White "Thomae, Eberhard"]
[Black "Murawski, Evan"]
[Result "0-1"]
[WhiteElo "1674"]
[BlackElo "1699"]
[PlyCount "78"]
[EventDate "2020.06.04"]
[EventType "tourn (corr)"]
[EventRounds "6"]
[EventCountry "GER"]
[SourceTitle "Corr 2024"]
[Source "ChessBase"]
[SourceDate "2023.10.19"]
[SourceVersion "1"]
[SourceVersionDate "2023.10.19"]
[SourceQuality "1"]

1. e4 c5 2. Nf3 Nc6 3. Bb5 e6 4. Nc3 Nge7 5. d4 cxd4 6. Nxd4 a6 7. Be2 Nxd4 8. Qxd4 Nc6 9. Qd3 Qc7 10. Be3 b5 11. 0-0 Be7 12. Rad1 0-0 13. f4 Rd8 14. Qd2 Bb7 15. a3 Rab8 16. Qe1 d6 17. f5 Ne5 18. Qg3 Kh8 19. Qf2 Rf8 20. Bb6 Qc6 21. Bd4 Rbe8 22. Qg3 Bf6 23. Qh3 Bc8 24. Rf4 Qb7 25. Qg3 Qe7 26. fxe6 fxe6 27. Kh1 Bb7 28. Rdf1 h6 29. h3 Rc8 30. Qf2 Bc6 31. Kg1 Be8 32. Qe3 Kh7 33. Qf2 Rg8 34. h4 Rf8 35. g3 a5 36. b4 Qb7 37. h5 axb4 38. axb4 Rg8 39. Rg4 Bxh5 0-1

[Event "SC-2020-0-00392"]
[Site "LSS email"]
[Date "2020.07.13"]
[Round "?"]
[White "Thomae, Eberhard"]
[Black "Grillo, Roberto"]
[Result "1-0"]
[WhiteElo "1662"]
[BlackElo "1796"]
[PlyCount "49"]
[EventDate "2020.04.12"]
[EventType "tourn (corr)"]
[EventRounds "6"]
[EventCountry "GER"]
[SourceTitle "Corr 2022"]
[Source "ChessBase"]
[SourceDate "2021.10.24"]
[SourceVersion "1"]
[SourceVersionDate "2021.10.24"]
[SourceQuality "1"]

1. e4 c5 2. Nf3 Nc6 3. Bb5 g6 4. c3 Nf6 5. e5 Nd5 6. d4 cxd4 7. 0-0 Bg7 8. cxd4 0-0 9. Nc3 Nxc3 10. bxc3 d5 11. exd6 Qxd6 12. a4 a6 13. Bd3 Rd8 14. Ba3 Qc7 15. Rb1 Rb8 16. Qb3 Be6 17. Qb6 Qxb6 18. Rxb6 Bd5 19. Ng5 h6 20. Nh3 g5 21. Rd1 Rdc8 22. Rbb1 b5 23. axb5 axb5 24. Rxb5 Na7 25. Rxd5 1-0

[Event "SC-2020-0-00387"]
[Site "LSS email"]
[Date "2020.03.03"]
[Round "?"]
[White "Cleto, Dirceu Jr"]
[Black "Thomae, Eberhard"]
[Result "1-0"]
[WhiteElo "1824"]
[BlackElo "1707"]
[PlyCount "83"]
[EventDate "2020.01.04"]
[EventType "tourn (corr)"]
[EventRounds "6"]
[EventCountry "GER"]
[SourceTitle "Corr 2022"]
[Source "ChessBase"]
[SourceDate "2021.10.24"]
[SourceVersion "1"]
[SourceVersionDate "2021.10.24"]
[SourceQuality "1"]

1. e4 e5 2. Nf3 Nc6 3. Bb5 a6 4. Ba4 Nf6 5. 0-0 Nxe4 6. d4 b5 7. Bb3 d5 8. dxe5 Be6 9. Nbd2 Be7 10. c3 0-0 11. Bc2 f5 12. Nb3 Qd7 13. Nfd4 Nxd4 14. Nxd4 c5 15. Nxe6 Qxe6 16. f3 Ng5 17. Bxg5 Bxg5 18. f4 Be7 19. Qf3 c4 20. h3 Rad8 21. Rad1 Bc5+ 22. Kh2 g6 23. b3 d4 24. bxc4 bxc4 25. cxd4 Bxd4 26. Rb1 Rf7 27. Rfd1 Kg7 28. Ba4 Qc8 29. Rbc1 c3 30. Bb3 Re7 31. Qg3 Ree8 32. Rd3 Qc5 33. Rcd1 Qb6 34. h4 Bc5 35. h5 Rxd3 36. Rxd3 Bd4 37. Rd1 Bc5 38. h6+ Kf8 39. Rd7 Re7 40. Qd3 Qc6 41. Rd5 Re8 42. Kh3 1-0

[Event "OP-2019-0-04896"]
[Site "LSS email"]
[Date "2019.12.19"]
[Round "?"]
[White "Thomae, Eberhard"]
[Black "Henke, Simon"]
[Result "0-1"]
[WhiteElo "1705"]
[BlackElo "1600"]
[PlyCount "66"]
[EventDate "2019.12.13"]
[EventType "tourn (corr)"]
[EventRounds "4"]
[EventCountry "GER"]
[SourceTitle "Corr 2022"]
[Source "ChessBase"]
[SourceDate "2021.10.24"]
[SourceVersion "1"]
[SourceVersionDate "2021.10.24"]
[SourceQuality "1"]

1. e4 c6 2. d4 d5 3. Nc3 dxe4 4. Nxe4 Bf5 5. Ng3 Bg6 6. Nf3 Nd7 7. h4 h6 8. h5 Bh7 9. Bd3 Bxd3 10. Qxd3 Ngf6 11. Bf4 e6 12. 0-0-0 Be7 13. Kb1 0-0 14. Ne4 Nxe4 15. Qxe4 Nf6 16. Qd3 c5 17. Be5 Rc8 18. Qb3 c4 19. Qxb7 Nd5 20. c3 Qa5 21. Rd2 f6 22. Bh2 e5 23. dxe5 Nxc3+ 24. Kc2 Nb5 25. Qxe7 Rfe8 26. Qd7 c3 27. Rd3 Qa4+ 28. Kb1 cxb2 29. Qd5+ Kh8 30. Qb3 Na3+ 31. Kxb2 Rb8 32. Rhd1 Qa6 33. Rd4 Rec8 0-1

[Event "SC-2019-0-00381"]
[Site "LSS email"]
[Date "2019.11.21"]
[Round "?"]
[White "Thomae, Eberhard"]
[Black "Langheld, Werner"]
[Result "1/2-1/2"]
[WhiteElo "1741"]
[BlackElo "1882"]
[PlyCount "73"]
[EventDate "2019.08.30"]
[EventType "tourn (corr)"]
[EventRounds "6"]
[EventCountry "GER"]
[SourceTitle "Corr 2022"]
[Source "ChessBase"]
[SourceDate "2021.10.24"]
[SourceVersion "1"]
[SourceVersionDate "2021.10.24"]
[SourceQuality "1"]

1. e4 e6 2. d4 d5 3. Nc3 dxe4 4. Nxe4 Bd7 5. Nf3 Bc6 6. Bd3 Bxe4 7. Bxe4 c6 8. 0-0 Nf6 9. Bd3 Nbd7 10. Bf4 Nh5 11. Bd2 Bd6 12. c4 Nhf6 13. Re1 0-0 14. b4 Qc7 15. g3 Rfd8 16. Rb1 a6 17. Qb3 b5 18. Rbc1 Qb8 19. Ng5 Nf8 20. cxb5 cxb5 21. Ne4 Nd5 22. Nc5 Be7 23. Be4 Ra7 24. Qd3 h6 25. a3 Nb6 26. Qc3 Bd6 27. Bd3 e5 28. Qa1 exd4 29. Nb3 Rc7 30. Na5 Qc8 31. Qxd4 Rxc1 32. Rxc1 Bc7 33. Qc3 Qd7 34. Qxc7 Qxc7 35. Rxc7 Rxd3 36. Rc6 Nd5 37. Bc1 1/2-1/2

[Event "SC-2019-0-00378"]
[Site "LSS email"]
[Date "2019.09.14"]
[Round "?"]
[White "Schleef, Harald"]
[Black "Thomae, Eberhard"]
[Result "1-0"]
[WhiteElo "1697"]
[BlackElo "1731"]
[PlyCount "89"]
[EventDate "2019.07.06"]
[EventType "tourn (corr)"]
[EventRounds "6"]
[EventCountry "GER"]
[SourceTitle "Corr 2022"]
[Source "ChessBase"]
[SourceDate "2021.10.24"]
[SourceVersion "1"]
[SourceVersionDate "2021.10.24"]
[SourceQuality "1"]

1. e4 e5 2. Nf3 Nc6 3. d4 exd4 4. Nxd4 Nf6 5. Nxc6 bxc6 6. e5 Qe7 7. Qe2 Nd5 8. c4 Ba6 9. b3 g6 10. f4 d6 11. Qd2 Nf6 12. Qa5 Bb7 13. Be2 dxe5 14. Ba3 c5 15. Nc3 0-0-0 16. 0-0 exf4 17. Bf3 a6 18. Rfe1 Qd7 19. Rad1 Bd6 20. b4 c6 21. b5 cxb5 22. cxb5 Bxf3 23. gxf3 Qb7 24. bxa6 Qxf3 25. Rf1 Qg4+ 26. Kh1 f3 27. Rd2 Nh5 28. Qb5 Qd7 29. a7 Qxa7 30. Rb1 Qa8 31. Nd5 f2 32. Bxc5 Bc7 33. Bxf2 Rxd5 34. Qxd5 Qxd5+ 35. Rxd5 Re8 36. Rc5 Nf4 37. Rc4 Ne6 38. Bb6 Rd8 39. a4 Rd6 40. a5 Kd7 41. Bxc7 Nxc7 42. Rb7 Rc6 43. Rxc6 Kxc6 44. Rb6+ Kc5 45. Kg2 1-0

[Event "LSS No Engine Cup 193 Preliminary 0"]
[Site "LSS email"]
[Date "2019.09.09"]
[Round "?"]
[White "Gronbech, Torsten"]
[Black "Thomae, Eberhard"]
[Result "0-1"]
[WhiteElo "1600"]
[BlackElo "1996"]
[PlyCount "50"]
[EventDate "2019.09.10"]
[EventType "tourn (corr)"]
[EventRounds "6"]
[EventCountry "GER"]
[SourceTitle "Corr 2022"]
[Source "ChessBase"]
[SourceDate "2021.10.24"]
[SourceVersion "1"]
[SourceVersionDate "2021.10.24"]
[SourceQuality "1"]

1. e3 d5 2. d4 Nf6 3. Bb5+ Bd7 4. a4 e6 5. Nc3 a6 6. Bd3 c5 7. dxc5 Bxc5 8. Nf3 Nc6 9. 0-0 Qc7 10. b3 0-0 11. Bb2 e5 12. e4 d4 13. Nd5 Nxd5 14. Qd2 Nf4 15. Bc4 Qd6 16. g3 Qg6 17. Nh4 Nh3+ 18. Kh1 Qxe4+ 19. f3 Qe3 20. Qxe3 dxe3 21. Rae1 Nf2+ 22. Kg1 Bh3 23. Ng2 Rfd8 24. Bc1 Nd1 25. Rxd1 e2+ 0-1

[Event "LSS No Engine Cup 193 Preliminary 0"]
[Site "LSS email"]
[Date "2019.09.09"]
[Round "?"]
[White "Thomae, Eberhard"]
[Black "Pech, Jaroslav Sr"]
[Result "1-0"]
[WhiteElo "1996"]
[BlackElo "1286"]
[PlyCount "69"]
[EventDate "2019.09.10"]
[EventType "tourn (corr)"]
[EventRounds "6"]
[EventCountry "GER"]
[SourceTitle "Corr 2022"]
[Source "ChessBase"]
[SourceDate "2021.10.24"]
[SourceVersion "1"]
[SourceVersionDate "2021.10.24"]
[SourceQuality "1"]

1. e4 e6 2. d4 d5 3. Nc3 Bb4 4. Bd3 dxe4 5. Bxe4 Nf6 6. Bf3 0-0 7. Nge2 Nbd7 8. 0-0 c6 9. Re1 Bd6 10. Bf4 Bxf4 11. Nxf4 Qc7 12. Nd3 Qb6 13. Ne2 Re8 14. Qd2 e5 15. dxe5 Nxe5 16. Nxe5 Rxe5 17. Nf4 Rxe1+ 18. Rxe1 Bf5 19. Qc3 Rd8 20. h3 Qc7 21. g3 b6 22. b4 h6 23. Kg2 c5 24. bxc5 Qxc5 25. Qxc5 bxc5 26. Re5 Bxc2 27. Rxc5 Bb1 28. Rb5 Bxa2 29. Ra5 Rd2 30. Rxa7 g5 31. Nd3 Kg7 32. Nc5 h5 33. Ne4 Nxe4 34. Bxe4 g4 35. h4 1-0

[Event "OP-2019-0-04839"]
[Site "LSS email"]
[Date "2019.09.06"]
[Round "?"]
[White "Kuttner, Jaromir"]
[Black "Thomae, Eberhard"]
[Result "0-1"]
[WhiteElo "912"]
[BlackElo "1741"]
[PlyCount "30"]
[EventDate "2019.08.28"]
[EventType "tourn (corr)"]
[EventRounds "4"]
[EventCountry "GER"]
[SourceTitle "Corr 2022"]
[Source "ChessBase"]
[SourceDate "2021.10.24"]
[SourceVersion "1"]
[SourceVersionDate "2021.10.24"]
[SourceQuality "1"]

1. e4 e5 2. Nf3 Nc6 3. d4 exd4 4. Bc4 Nf6 5. e5 d5 6. Bb5 Ne4 7. Nxd4 Bc5 8. Be3 Bd7 9. Nxc6 bxc6 10. Bxc5 Nxc5 11. Be2 Qg5 12. 0-0 Qxe5 13. Nc3 0-0 14. Qd2 d4 15. f4 dxc3 0-1

[Event "OP-2019-0-04797"]
[Site "LSS email"]
[Date "2019.06.25"]
[Round "?"]
[White "Verich, Oleg"]
[Black "Thomae, Eberhard"]
[Result "0-1"]
[WhiteElo "997"]
[BlackElo "1715"]
[PlyCount "66"]
[EventDate "2019.06.15"]
[EventType "tourn (corr)"]
[EventRounds "4"]
[EventCountry "GER"]
[SourceTitle "Corr 2022"]
[Source "ChessBase"]
[SourceDate "2021.10.24"]
[SourceVersion "1"]
[SourceVersionDate "2021.10.24"]
[SourceQuality "1"]

1. d4 Nf6 2. c4 e6 3. a3 d5 4. cxd5 exd5 5. Nc3 Bd6 6. Nf3 h6 7. Qb3 0-0 8. Bd2 c6 9. e3 Nbd7 10. Bd3 Re8 11. 0-0-0 Ne4 12. Rdf1 Ndf6 13. h3 b5 14. Ne2 a5 15. Be1 b4 16. a4 c5 17. Bb5 c4 18. Qc2 b3 19. Qd1 Bd7 20. Nc3 Nxc3 21. Bxc3 Bxb5 22. axb5 a4 23. Nd2 Qb6 24. Qf3 Qxb5 25. Nb1 Ne4 26. Qe2 a3 27. bxa3 Bxa3+ 28. Kd1 Bb4 29. Bxb4 Ra1 30. Qb2 c3 31. Bxc3 Qd3+ 32. Bd2 Rxb1+ 33. Qxb1 Qxd2# 0-1

[Event "LSS No Engine Cup 181 Final"]
[Site "LSS email"]
[Date "2019.04.18"]
[Round "?"]
[White "Hoehne, Micha"]
[Black "Thomae, Eberhard"]
[Result "1-0"]
[WhiteElo "1965"]
[BlackElo "1962"]
[PlyCount "85"]
[EventDate "2019.04.19"]
[EventType "tourn (corr)"]
[EventRounds "6"]
[EventCountry "GER"]
[SourceTitle "Corr 2022"]
[Source "ChessBase"]
[SourceDate "2021.10.24"]
[SourceVersion "1"]
[SourceVersionDate "2021.10.24"]
[SourceQuality "1"]

1. e4 e5 2. Nf3 Nc6 3. Nc3 Nf6 4. Bc4 Bc5 5. 0-0 d6 6. d3 0-0 7. Bg5 h6 8. Bxf6 Qxf6 9. Nd5 Qd8 10. c3 Ne7 11. Ne3 c6 12. a4 Bxe3 13. fxe3 Bg4 14. Qd2 Ng6 15. h3 Bxf3 16. Rxf3 d5 17. exd5 cxd5 18. Bb3 Ne7 19. Qf2 Qb6 20. Ra3 Rad8 21. a5 Qc5 22. e4 Qxf2+ 23. Rxf2 g6 24. Ra4 dxe4 25. dxe4 Nc6 26. Bd5 Rd7 27. a6 b5 28. Ra1 Rc7 29. Rf6 Ne7 30. Bb7 Kg7 31. Rd6 f6 32. Ra5 Rc5 33. Rd7 Rf7 34. b4 Rxc3 35. Rxb5 Rc4 36. Ba8 Rc1+ 37. Kh2 Nc8 38. Rbb7 Rxd7 39. Rxd7+ Kf8 40. b5 Ke8 41. Bc6 Rc4 42. Rxa7+ Rxc6 43. Ra8 1-0

[Event "OP-2019-0-04749"]
[Site "LSS email"]
[Date "2019.03.15"]
[Round "?"]
[White "Maly, Marian"]
[Black "Thomae, Eberhard"]
[Result "0-1"]
[WhiteElo "800"]
[BlackElo "1696"]
[PlyCount "54"]
[EventDate "2019.03.07"]
[EventType "tourn (corr)"]
[EventRounds "4"]
[EventCountry "GER"]
[SourceTitle "Corr 2022"]
[Source "ChessBase"]
[SourceDate "2021.10.24"]
[SourceVersion "1"]
[SourceVersionDate "2021.10.24"]
[SourceQuality "1"]

1. Nf3 Nf6 2. d4 e6 3. Bf4 Nc6 4. a3 d5 5. e3 Bd6 6. Bxd6 cxd6 7. Bb5 a6 8. Bxc6+ bxc6 9. 0-0 0-0 10. Nbd2 Re8 11. b4 e5 12. c3 e4 13. Ng5 a5 14. Qb3 h6 15. Nh3 Bxh3 16. gxh3 Qd7 17. Kg2 Nh7 18. Qd1 Re6 19. f4 Rg6+ 20. Kh1 Qxh3 21. Qe2 Rg3 22. Rae1 axb4 23. cxb4 Rxa3 24. Qf2 Rgxe3 25. Qg2 Qxg2+ 26. Kxg2 Rxe1 27. Rxe1 Ra2 0-1

[Event "OP-2018-0-04676"]
[Site "LSS email"]
[Date "2018.11.23"]
[Round "?"]
[White "Lombardi, Donato"]
[Black "Thomae, Eberhard"]
[Result "0-1"]
[WhiteElo "753"]
[BlackElo "1696"]
[PlyCount "52"]
[EventDate "2018.11.17"]
[EventType "tourn (corr)"]
[EventRounds "4"]
[EventCountry "GER"]
[SourceTitle "Corr 2022"]
[Source "ChessBase"]
[SourceDate "2021.10.24"]
[SourceVersion "1"]
[SourceVersionDate "2021.10.24"]
[SourceQuality "1"]

1. e4 e5 2. Nf3 Nc6 3. d4 exd4 4. Nxd4 Nf6 5. Nc3 Bb4 6. Nxc6 bxc6 7. Bd3 d5 8. exd5 cxd5 9. 0-0 0-0 10. Bg5 c6 11. Qf3 Rb8 12. Bxf6 Qxf6 13. Qxf6 gxf6 14. Ne2 Bd6 15. Nd4 c5 16. Nc6 Rxb2 17. Rfb1 Rxb1+ 18. Rxb1 c4 19. Be2 Bd7 20. Nd4 Bc5 21. c3 Bxd4 22. cxd4 Bf5 23. Rb7 c3 24. Rc7 c2 25. Bb5 Rb8 26. a4 Rc8 0-1

[Event "SC-2018-0-00362"]
[Site "LSS email"]
[Date "2018.11.09"]
[Round "?"]
[White "Thomae, Eberhard"]
[Black "Rodriguez, Raul"]
[Result "1/2-1/2"]
[WhiteElo "1724"]
[BlackElo "1983"]
[PlyCount "83"]
[EventDate "2018.08.30"]
[EventType "tourn (corr)"]
[EventRounds "6"]
[EventCountry "GER"]
[SourceTitle "Corr 2022"]
[Source "ChessBase"]
[SourceDate "2021.10.24"]
[SourceVersion "1"]
[SourceVersionDate "2021.10.24"]
[SourceQuality "1"]

1. e4 e6 2. d4 d5 3. Nc3 Bb4 4. Bd3 dxe4 5. Bxe4 Nf6 6. Bf3 c5 7. Nge2 Nc6 8. a3 Bxc3+ 9. bxc3 e5 10. Bg5 exd4 11. cxd4 cxd4 12. Bxc6+ bxc6 13. Qxd4 Qa5+ 14. Bd2 Qd5 15. f3 0-0 16. Qxd5 Nxd5 17. Kf2 Bd7 18. Rab1 h6 19. Rhd1 Nb6 20. Bb4 Rfc8 21. Bc5 Bf5 22. Rd2 Nd7 23. Be7 Nb6 24. g4 Bh7 25. Bc5 Na4 26. Be3 Nb6 27. Rb4 c5 28. Rb3 c4 29. Rb1 c3 30. Rd4 Nc4 31. Rb3 Nxe3 32. Kxe3 Bxc2 33. Rxc3 Rxc3+ 34. Nxc3 Re8+ 35. Kd2 Bb3 36. Rd7 a6 37. Rd6 Re6 38. Rxe6 Bxe6 39. Ne4 h5 40. Ng5 Bd7 41. h3 f6 42. Ne4 1/2-1/2